Les plus petit pays du monde en 1min - Statistiques

Statistiques générales
  • Ce quiz a été pris 104 fois
  • Le résultat moyen est 10 sur 16
Statistiques - réponses
Par images Réponse % Correct
Monaco
93%
Andorre
88%
Luxembourg
88%
Singapour
87%
Bahreïn
84%
liechtenstein
81%
Brunei
74%
Saint marin
69%
Koweit
59%
Belize
57%
Djibouti
50%
Salvador
49%
Burundi
48%
Togo
45%
Timor oriental
38%
Guinée équatoriale
27%
Aucun quiz correspondant
Distribution des résultats
% des personnes avec chaque résultat
Percentile par nombre de réponses
Votre historique - résultats
Vous n’avez pas pris ce quiz